Österreichische Autokennzeichen (schwer) - Statistiken

Allgemein
  • Dieses Quiz wurde 127 mal gespielt
  • Das Durchschnittsergebnis liegt bei 7 aus 9
Antwortstatistiken
1 2 A % Korrekt
KU Tirol Kufstein
96%
LZ Tirol Lienz
85%
JO Salzburg St.Johann (im Pongau)
80%
BZ Vorarlberg Bludenz
77%
LB Steiermark Leibnitz
69%
HE Kärnten Hermagor
66%
VO Steiermark Voitsberg
63%
SR Oberösterreich Steyr
62%
HL Niederösterreich Hollabrunn
59%
Keine übereinstimmenden Quizze gefunden
Verteilung der Resultate
Anzahl Personen mit jedem Resultat
Perzentil nach korrekt beantworteten Fragen
Ihre Resultats-Entwicklung
Sie haben dieses Quiz noch nicht gespielt